Internet Connection Speeds - Statistics

General Stats
  • This quiz has been taken 4 times
  • The average score is 1 of 9
Answer Stats
Hint Max Speed % Correct
4G 100 Mbps
100%
5G 10 Gbps
33%
EDGE (2.75G) 1000 Kbps
0%
ISDN BRI 128 Kbps
0%
2G 14.4 Kbps
0%
2.5G 144 Kbps
0%
Line of Site 1520 Mbps
0%
3G 3 Mbps
0%
DSL 7 Mbps
0%
No matching quizzes found
Score Distribution
Percent of People with Each Score
Percentile by Number Answered
Your Score History
You have not taken this quiz